| 000 | 01534nam a2200373 c 4500 | ||
|---|---|---|---|
| 003 | BLK | ||
| 005 | 20201010094702.0 | ||
| 008 | 180411b bul|||||r ||||||| ||bul|| | ||
| 010 | _aKNG00206948000 | ||
| 040 | _aBLK | ||
| 041 |
_aBUL _cBUL |
||
| 072 | 7 |
_2bullib _aН8301 _xТрилъри Н |
|
| 080 |
_aАнглийска литература _b821.111 _x-312.4 _z821.111-312.4 |
||
| 100 | 1 |
_aФорсайт, Фредерик _eпърви автор _9242148 |
|
| 700 | 1 |
_aМихайлова, Яна _eпрев. от англ. _9363630 |
|
| 700 | 1 |
_aМисирков, Борис Сергеев _eпрев. от англ. _9363376 |
|
| 139 |
_aФорсайт, Фредерик _bФ 72 |
||
| 245 | 1 | 0 |
_aДяволската алтернатива _bРоман _cФредерик Форсайт; прев. от англ. Яна Михайлова; прев. от англ. Борис Сергеев Мисирков. |
| 250 | _a[2. изд.] | ||
| 257 | _aGBR | ||
| 260 |
_аСофия _bЕМАС _bГлобус _c1999 _fСофия : Балкан прес |
||
| 300 | _c20 см | ||
| 380 | _aX | ||
| 490 | 1 |
_aКолекция Форсайт _v№ 3 |
|
| 500 | _a1. изд. 1993 на изд. Ирис. - Ориг. загл. The Devil's Alternative / Frederick Forsyth. | ||
| 653 | _aтрилъри | ||
| 653 | _aромани | ||
| 659 | _aН | ||
| 852 | _aЦб 285771 | ||
| 856 | 4 |
_qpdf _u |
|
| 856 | 4 |
_qpdf _u |
|
| 942 |
_cKNG _n0 _012 |
||
| 944 |
_aCR _c26.05.2017 _lф / _kВиолета_Тройчева |
||
| 944 |
_aED _c04.07.2017 _lф / _kЛюдмила_Стоянова |
||
| 999 |
_c197664 _d197664 |
||